| 000 | 00605nam a22001937a 4500 | ||
|---|---|---|---|
| 005 | 20250923122239.0 | ||
| 010 | _aENG-144364 | ||
| 020 |
_a9789349015821 _c595.00 |
||
| 035 | _aEN-127896 | ||
| 037 | _bDBAD | ||
| 082 |
_a331 _21 |
||
| 100 |
_aNeharikka Viij _985171 |
||
| 245 |
_aInternational Trade Law/ _cNeharikka Viij |
||
| 250 | _a1 | ||
| 260 |
_aHaryana _b Lexis Nexis _c2025 |
||
| 270 |
_a14th Floor, Building No. 10, Tower-B, DLF Cyber City, Phase-II, Gurgaon _bHaryana _e122002 _mhelp.in@lexisnexis.com |
||
| 300 |
_axxviii, 289p. _c24cm(pb) |
||
| 942 |
_2ddc _cEN _h331 _mVII _e1 |
||
| 999 |
_c213447 _d213447 |
||